000 00283nam a22001097a 4500
008 170111b xxu||||| |||| 00| 0 eng d
020 _a9781416000518
041 _aeng
080 _a618.2
245 _aESSENTIALS OF PSYCHIATRIC MENTAL HEALTH NURSING
_cVARCAROLIC, E.M
942 _2udc
_cBK
999 _c2717
_d2717